LEADER 00964nam a22002411i 4500 001 991002790299707536 005 20030808101124.0 008 030925s1910 it |||||||||||||||||ita 035 $ab1233909x-39ule_inst 035 $aARCHE-038663$9ExL 040 $aBiblioteca Interfacoltà$bita$cA.t.i. Arché s.c.r.l. Pandora Sicilia s.r.l. 082 04$a945.821 100 1 $aSorge, Giuseppe$0250867 245 10$aMussomeli :$bdall'origine all'abolizione della feudalità : note e considerazioni /$cGiuseppe Sorge 260 $aCatania :$bNiccolò Giannotta,$c1910 300 $a396 p. ;$c22 cm 650 4$aMussomeli$xStoria$xOrigini-Sec. 18. 907 $a.b1233909x$b02-04-14$c08-10-03 912 $a991002790299707536 945 $aLE002 Sal. II D 28 (Fondo Guerrieri)$cV. 1$g1$i2002000162427$lle002$o-$pE0.00$q-$rn$so $t0$u0$v0$w0$x0$y.i12741322$z08-10-03 996 $aMussomeli$9159527 997 $aUNISALENTO 998 $ale002$b08-10-03$cm$da $e-$fita$git $h0$i1 LEADER 01039nam a22002651i 4500 001 991002379119707536 005 20030609142407.0 008 030925s1966 it |||||||||||||||||ita 035 $ab12280525-39ule_inst 035 $aARCHE-032809$9ExL 040 $aBiblioteca Interfacoltà$bita$cA.t.i. Arché s.c.r.l. Pandora Sicilia s.r.l. 082 04$a945.39 100 1 $aBettiza, Enzo$0159785 245 10$aMito e realtà di Trieste /$cEnzo Bettiza 260 $aMilano :$bAll'insegna del pesce d'oro,$c1966 300 $a55 p. ;$c18 cm 440 3$aLa coda di paglia ;$v3 650 4$aTrieste$xStoria 907 $a.b12280525$b02-04-14$c08-10-03 912 $a991002379119707536 945 $aLE002 Busta B 70/2$g1$i2002000775597$lle002$o-$pE0.00$q-$rl$s- $t0$u0$v0$w0$x0$y.i12673079$z08-10-03 945 $aLE002 Busta C 38/7$g2$i2002000783875$lle002$o-$pE0.00$q-$rl$s- $t0$u1$v0$w1$x0$y.i12673080$z08-10-03 996 $aMito e realtà di Trieste$9165105 997 $aUNISALENTO 998 $ale002$b08-10-03$cm$da $e-$fita$git $h0$i2